| 000 | 00471nam a22001937a 4500 | ||
|---|---|---|---|
| 003 | MPLRDC | ||
| 005 | 20220104125542.0 | ||
| 008 | 210129b ||||| |||| 00| 0 eng d | ||
| 020 | _a978-7-5104-0492-4 | ||
| 082 | _a947.414 ZCC | ||
| 100 | _a周春才 | ||
| 245 |
_a老子图典 _c |
||
| 250 | _a一版一刷 | ||
| 260 |
_a中国 _b新世界出版社 _c2009 |
||
| 300 | _b227 | ||
| 490 | _a国学漫画典藏系列 | ||
| 650 | _a漫画 | ||
| 942 |
_cBK _o947.414 ZCC |
||
| 999 |
_c28263 _d28253 |
||